LEADER 03549nam 2200553 450 001 9910813195103321 005 20230809230431.0 010 $a3-11-042435-5 010 $a3-11-042431-2 024 7 $a10.1515/9783110424317 035 $a(CKB)3850000000000911 035 $a(MiAaPQ)EBC4917469 035 $a(DE-B1597)451902 035 $a(OCoLC)1012844938 035 $a(DE-B1597)9783110424317 035 $a(Au-PeEL)EBL4917469 035 $a(CaPaEBR)ebr11468347 035 $a(EXLCZ)993850000000000911 100 $a20171214h20172017 uy 0 101 0 $ager 135 $aurcnu|||||||| 181 $2rdacontent 182 $2rdamedia 183 $2rdacarrier 200 10$aJugendgerichtsgesetz $eKommentar /$fRudolf Brunner and Dieter Do?lling 205 $a13., neu bearbeitete Auflage. 210 1$aGo?ttingen, [Germany] :$cDe Gruyter,$d2017. 210 4$d©2017 215 $a1 online resource (676 pages) 225 1 $aDe Gruyter Kommentar 300 $aIncludes index. 311 $a3-11-042697-8 327 $tFrontmatter -- $tVorwort -- $tInhaltsverzeichnis -- $tAbkürzungsverzeichnis -- $tEinführung -- $tÜbersicht über die bisherigen Änderungen des JGG -- $tErster Teil Anwendungsbereich -- $tZweiter Teil Jugendliche -- $tAuswahl der Jugendrichter und Jugendstaatsanwälte -- $tDritter Teil Heranwachsende -- $tVierter Teil Sondervorschriften für Soldaten der Bundeswehr -- $tFünfter Teil Schluß- und Übergangsvorschriften -- $tSachregister 330 $aDas Standardwerk zum Jugendgerichtsgesetz wird mit der 13. Auflage auf den neuesten Stand gebracht. Die Kommentierung berücksichtigt alle Änderungen des JGG bis Dezember 2016, insbesondere die Ersetzung der nachträglichen durch die vorbehaltene Sicherungsverwahrung für Jugendliche, die Einführung des "Einstiegsarrests", die gesetzliche Regelung der Vorbewährung und die Änderungen des JGG durch das Gesetz über die Besetzung der großen Straf- und Jugendkammern und durch das Gesetz zur Stärkung der Rechte von Opfern sexuellen Missbrauchs (StORMG). Die seit der Vorauflage erschienene umfangreiche Rechtsprechung und Literatur sind eingearbeitet. Leitlinien des Kommentars bleiben die Grundgedanken des JGG, nach denen durch ein erzieherisch ausgestaltetes und rechtsstaatliches Jugendstrafrecht weitere Rechtsbrüche von Jugendlichen und Heranwachsenden verhindert sowie die Integration junger Menschen in die Gesellschaft gefördert werden sollen. Der Kommentar berücksichtigt die empirischen Befunde zur Jugendkriminalität und zu den jugendstrafrechtlichen Sanktionen. Er versteht sich als Unterstützung für die jugendstrafrechtliche Praxis. 330 $aThe new edition includes all amendments to the JGG since 2011, including the replacement of retroactive preventive detention by reserved preventive detention for young offenders, the introduction of "warning-shot detention," the legal regulation of prior probation, and the changes to the JGG resulting from the Act on Staffing of Major Criminal and Juvenile Courts and the Act to Strengthen the Rights of Victims of Sexual Abuse (StORMG). 410 0$aDe Gruyter Kommentar. 606 $aJuvenile courts$zGermany 615 0$aJuvenile courts 676 $a345.4308 686 $aPH 4400$2rvk 700 $aBrunner$b Rudolf$0428580 702 $aDo?lling$b Dieter 801 0$bMiAaPQ 801 1$bMiAaPQ 801 2$bMiAaPQ 906 $aBOOK 912 $a9910813195103321 996 $aJugendgerichtsgesetz$9896816 997 $aUNINA LEADER 04211nam 22007215 450 001 9910739482503321 005 20251202120546.0 010 $a9783319325859 010 $a331932585X 024 7 $a10.1007/978-3-319-32585-9 035 $a(CKB)3710000000749190 035 $a(DE-He213)978-3-319-32585-9 035 $a(MiAaPQ)EBC4591915 035 $a(PPN)223958506 035 $a(Perlego)3494752 035 $a(NyNyDIG)DIGVIETO155 035 $a(EXLCZ)993710000000749190 100 $a20160712d2016 u| 0 101 0 $aeng 135 $aurnn|008mamaa 181 $ctxt$2rdacontent 182 $cc$2rdamedia 183 $acr$2rdacarrier 200 10$a'Ndrangheta $eThe Glocal Dimensions of the Most Powerful Italian Mafia /$fby Anna Sergi, Anita Lavorgna 205 $a1st ed. 2016. 210 1$aCham :$cSpringer International Publishing :$cImprint: Palgrave Macmillan,$d2016. 215 $a1 online resource (IX, 122 p. 1 illus.) 311 08$a9783319325842 311 08$a3319325841 320 $aIncludes bibliographical references at the end of each chapters and index. 327 $aIntroduction -- Part I. Structures and Governance -- Chapter 1. Calabria and the ?Ndrangheta -- Chapter 2. 'Ndrangheta Movements in the Centre-North of Italy -- Chapter 3. ?Ndrangheta Movements Around the World -- Part II. Illegal Activities -- Chapter 4. Drug Trafficking and Investments -- Chapter 5. Poly-crime ?Ndrangheta -- Conclusion. 330 $aThis book presents an historical and sociological account of the Italian mafia-type organisation known as the ?ndrangheta. It draws together diverse perspectives on the various ?ndrangheta clans and their behavioural models, focusing specifically on their organisational skills, their bonds with Calabrian society and Calabrian communities around the world, their mobility, and their characterisation as poly-crime organisations.  The authors demonstrate that ?ndrangheta clans have an innovative way of being and doing mafia work through a dense network of relationships both in the ?upperworld? and in the ?underworld?, a particularly acute sense of business, a reputation built on the protection of blood and family ties, and, last but not least, a symbiotic relationship and camouflage within Calabrian society. By focusing on both the structures and the activities of the clans and with findings based on judicial documents, this book explores why the ?ndranghetais today labeled as ?the most powerful Italian mafia?. It will be of great interest to upper-level students and scholars of organised crime and sociology. Anna Sergi is Lecturer in Criminology at the University of Essex, UK. Her research interests and publications include mafia, organised crime, comparative policing, criminal law and criminal justice systems. She is also the Chair of the British Society of Criminology Early Career Researchers Networks.  Anita Lavorgna is Lecturer in Criminology at the University of Southampton, UK. Her research interests and publications include organised crime, cybercrime, and crime prevention. 606 $aOrganized crime 606 $aTransnational crime 606 $aCrime$xSociological aspects 606 $aCriminology 606 $aCulture 606 $aItaly$xHistory 606 $aOrganized Crime 606 $aTransnational Crime 606 $aCrime and Society 606 $aCriminology Theory 606 $aSociology of Culture 606 $aHistory of Italy 615 0$aOrganized crime. 615 0$aTransnational crime. 615 0$aCrime$xSociological aspects. 615 0$aCriminology. 615 0$aCulture. 615 0$aItaly$xHistory. 615 14$aOrganized Crime. 615 24$aTransnational Crime. 615 24$aCrime and Society. 615 24$aCriminology Theory. 615 24$aSociology of Culture. 615 24$aHistory of Italy. 676 $a364.106 700 $aSergi$b Anna$4aut$4http://id.loc.gov/vocabulary/relators/aut$0999696 702 $aLavorgna$b Anita$4aut$4http://id.loc.gov/vocabulary/relators/aut 906 $aBOOK 912 $a9910739482503321 996 $aNdrangheta$93553262 997 $aUNINA